000 00486nam a2200181Ia 4500
999 _c1564
_d1564
003 OSt
005 20200930120158.0
008 190216s9999||||xx |||||||||||||| ||und||
020 _a8177540157
040 _coclc
082 _a635.944
_bDEY/F
100 _aDey, S C
_95194
245 0 _aFlowers From Bulbous Plants /
_cS C Dey
260 _bAgrobios,
_aJodhpur:
_c2003.
300 _a128p
650 _aBotany
942 _cBK
_2ddc
_h635.944
_iDEY/F
_k635.944
_mDEY/F